LEADER 01284nam--2200397---450- 001 990001866090203316 005 20060421130157.0 035 $a000186609 035 $aUSA01000186609 035 $a(ALEPH)000186609USA01 035 $a000186609 100 $a20040721d1963----km-y0itay0103----ba 101 0 $aita 102 $aIT 105 $aa|||||||001yy 200 1 $aMiniatura a Piacenza$ei codici dell'archivio capitolare con una nota sulla liturgia piacentina e la Paleografia$fArturo Carlo Quintavalle$g[con studi di] Domenico Ponzini 210 $aVenezia$cNeri Pozza$d1963 215 $a199 p.$cill.$d21 cm 225 2 $aRaccolta Pisana$v10 410 0$12001$aRaccolta Pisana$v10 454 1$12001 461 1$1001-------$12001 606 0 $aManoscritti miniati$xArchivio capitolare$yPiacenza 676 $a016 700 1$aQUINTAVALLE,$bArturo Carlo$038440 702 1$aPONZINI,$bDomenico 801 0$aIT$bsalbc$gISBD 912 $a990001866090203316 951 $aI.2.C. 206(VII D Coll. 26/10)$b69417 L.M.$cVII D 959 $aBK 969 $aUMA 979 $aSIAV2$b10$c20040721$lUSA01$h1307 979 $aSIAV2$b10$c20040721$lUSA01$h1307 979 $aCOPAT6$b90$c20060421$lUSA01$h1301 996 $aMiniatura a Piacenza$9604784 997 $aUNISA